000 00303cam a2200121ua 4500
041 _aeng
_h
082 _a823.301
_bTOL/MA
100 _aTolstoy, Heo, .
245 _aMaster and man athertrables end tables /
_cTolstoy, heo.
_hTextual Documents
300 _a320 ; .
504 _a
999 _c11713
_d11713